000 00732nam0a22002531 4500
001 RU\INFOCOMM_318\NLR\5000089768
005 20250613105149.0
035 _a(NLR Aleph) 009520023
090 _a8821070
_c8821070
100 _a20121224d1980 |||y0rusy50 ca
101 0 _aeng
102 _aRU
105 _ay z |||||
200 1 _aLand reclamation in the USSR
_fUSSR Min. of land reclamation a. water management
210 _aM.
_d1980
215 _a12 с.
_d20 см
620 _aМосква
686 _aП06(2)
_2rubbk
712 0 1 _aUSSR
_bMinistry of land reclamation and water management
_4570
801 1 _aRU
_bInfocomm
_c20121224
801 0 _aRU
_bINFOCOMM
_gPSBO
852 _aNLR
_jС15 Д-4/14
942 _cBOOK
980 _aNB